000 00541nam a22001817a 4500
005 20231102062520.0
008 231102b |||||||| |||| 00| 0 eng d
020 _a0702112011
041 _aEnglish
082 _a346.7
100 _ade Jager, T
_lAfrikaans
245 _aKrediet ooreenkomste en Finansieringskoste /
_cT de Jager
250 _aEerste Uitgawe
260 _aKaapstad
_bJuta en Kie. Beperk,
_c1981
300 _bxvii, 313 pages ;
_c25 cm.
650 _aLegal practice
_bLaw
942 _cBK
_6ALISON_BN_VRIES
999 _c236
_d236